| 000 | 00644nam a2200241Ia 4500 | ||
|---|---|---|---|
| 003 | 0100 | ||
| 008 | 130303s9999 xx 000 0 und d | ||
| 020 | _a534165427 | ||
| 040 | _cARRUPELIB | ||
| 050 | _aBL1032.C371992 | ||
| 100 | _aCarmody, Denise Lardner | ||
| 245 | _aEastern ways to the center | ||
| 245 | _ban introduction to the religions of Asia | ||
| 250 | _a2nd | ||
| 260 | _aBelmont | ||
| 260 | _bWadsworth Pub. Co. | ||
| 260 | _C1992 | ||
| 300 | _axi | ||
| 300 | _b 206p. 24cm. | ||
| 440 | _aThe Religious life of man series | ||
| 700 | _aDenise Lardner Carmody and John Tully Carmody , Carmody, John | ||
| 942 | 0 | 0 | _02 |
| 999 |
_c12870 _d12870 |
||